| 000 | 00473cam a22001934a 4500 | ||
|---|---|---|---|
| 005 | 20250605164245.0 | ||
| 008 | 250528s ||||||||||||||||||||||||d | ||
| 035 | _a21485 | ||
| 020 | _a9780471965473 | ||
| 040 |
_aGR-AtMCL _bgre _dGR-AtMCL _eAACR2 |
||
| 245 | 1 | _aTOURISM AND POLITICS / POLICY, POWER AND PLACE | |
| 250 | _a1 | ||
| 260 |
_bWiley, _c1994 |
||
| 300 | _a238 | ||
| 700 | 1 |
_aHall Colin Micahel _93451 |
|
| 942 | _cBK | ||
| 999 |
_c6547 _d6547 |
||